1777 1737 1629 1479 1777 1237 1117 1922 1531 1048 1873 1406 1090 1949 1442 1225 1557 1450 1597 1110 1647 1814 1125 1335 1339 1637 1738 1613 1816 1912 1633 1477 1098 1375 1856 1069 1833 1267 1618 1614 1986 1168 1293 1550 1343 1366 1599 1165 1771 1393 1025 1129 1345 1816 1999 1919 1680 1706 1870 1081 1719 1187 1291 1015 1893 1688 1871 1776 1213 1178 1021 1195 1184 1674 1157 1266 1202 1193 1806 1555 1617 1616 1060 1704 1985 1485 1979 1707 1581 1217 1134 1614 1936 1830 1015 1440 1628 1120 1449 BCNSPRNW ULIB Ver.6.0+V

เปลี่ยนเป็นภาษาไทย

Change to English
 แสดงรายละเอียดบรรณานุกรม
  กลับหน้าหลัก

Brief Record : Get Marc (ISO 2709) : E-mail record : QR code < ปิดหน้าต่าง
LEADER : 00000nam 2200000uu 4500
001    13399109078
003     ULIB
008    110321s2550||||th 000 0 tha d
020    9789744140050
050  4 LB2831.8^bธ662ก 2550
100 0  ธีระ รุญเจริญ
245 10 การบริหารโรงเรียนยุคปฏิรูปการศึกษา /^cธีระ รุญเจริญ
250    พิมพ์ครั้งที่ 1
260    กรุงเทพฯ :^bเอ็กซเปอร์เน็ท,^c2550
300    225 หน้า :^bภาพประกอบ, แผนภูมิ ;^c26 ซม.
650  7 การบริหาร
650  7 การศึกษา^xการบริหาร
650  7 ผู้บริหารโรงเรียน
650  7 โรงเรียน^xการบริหาร
945    ^p230^l0^i029870
945    ^p230^l0^i029869
995    เกษร
999 ^a ใช้งานได้ทุกระบบ
รายการนี้ยังไม่มีแท็ก
คุณยังไม่ได้ล็อกอิน คุณสามารถมีกิจกรรมร่วมกับเว็บไซต์ได้ แต่ต้องล็อกอินก่อน ::
  ล็อกอิน

รายการสื่อสารสนเทศ

ลำดับที่ ประเภท เลขเรียก/บาร์โค้ด สถานที่ สถานะ
- ไม่พบข้อมูล -

รายการใกล้เคียง
    ผู้แต่ง [ธีระ รุญเจริญ]

    หัวเรื่อง [การบริหาร]
    หัวเรื่อง [ผู้บริหารโรงเรียน]

BibComment


ยังไม่เคยถูกคอมเมนท์

คอมเมนท์ทรัพยากรรายการนี้
  คอมเมนท์: การบริหารโรงเรียน..


 Copyright 2026. Bcnsprnw @Library